| 000 | 00322nam a2200097Ia 4500 | ||
|---|---|---|---|
| 008 | 220204s9999 xx 000 0 und d | ||
| 082 |
_a338.45:31 _bIND |
||
| 245 | 0 | _aStatistics of industrial development: Pertaining to industries under the purview of development wing | |
| 260 |
_aNew Delhi _bGovt of India _c1961 |
||
| 942 | _cBK | ||
| 999 |
_c19994 _d19994 |
||